000 00627cam a2200193 a 4500
020 _a9780136117025 (alk. paper)
020 _a0136117023 (alk. paper)
020 _a9780137029136 (pbk.)
020 _a0137029136 (pbk.)
050 0 0 _aHG8051
_b.R44 2011
100 1 _aRejda, George E.,
_d1931-
245 1 0 _aPrinciples of risk management and insurance /
_cGeorge E. Rejda.
250 _aGlobal edition.
260 _aBoston :
_bPrentice Hall,
_cc2011.
300 _axvii, 730 p. :
500 _aIncludes glossary and index.
650 0 _xRisk management ;
_xRisk (insurance) ;
_xInsurance ;
_xUnited states.
942 _2lcc
_cGEN
999 _c5464
_d5464